| 000 | 00602nam a22002177a 4500 | ||
|---|---|---|---|
| 003 | Ost | ||
| 005 | 20260313071039.0 | ||
| 008 | 260313b |||||||| |||| 00| 0 eng d | ||
| 020 | _a9781394295128 | ||
| 040 | _cBT-PhCST | ||
| 050 | _a25820 | ||
| 082 |
_222 _a629.2293 _bMI |
||
| 100 | _aMi, Chris. | ||
| 245 |
_aHybrid electric vehicles : _bPrinciples and applications with practical perspectives / |
||
| 250 | _a3 rd ed. | ||
| 260 |
_aUSA : _bWiley and Sons, _cc2026. |
||
| 300 |
_axxi, 548 p. : _bill. ; _c26 cm. |
||
| 500 | _aIncludes index. | ||
| 700 | _aMasrur, M. Abul. | ||
| 942 |
_2ddc _cMEC |
||
| 999 |
_c10204 _d10204 |
||